000 00225nam a22000857a 4500
008 160716b xxu||||| |||| 00| 0 eng d
100 _92970
_a Kipling, R
245 _aThe Jungle Book
260 _aNew Delhi
_bOrient Publication
_c2004
999 _c2533
_d2533